Comparative development strategies in East Africa (Record no. 79576)

MARC details
000 -LEADER
fixed length control field 00991nam a2200181 a 4500
008 - FIXED-LENGTH DATA ELEMENTS--GENERAL INFORMATION
fixed length control field 120416s1972 xx |||||||||||||| || u
050 ## - LIBRARY OF CONGRESS CALL NUMBER
Classification number HC 860 Sei
100 ## - MAIN ENTRY--PERSONAL NAME
Personal name Seidman, Ann Willcox
245 10 - TITLE STATEMENT
Title Comparative development strategies in East Africa
260 ## - PUBLICATION, DISTRIBUTION, ETC.
Date of publication, distribution, etc. 1972
350 ## -
-- 0.00
650 #0 - SUBJECT ADDED ENTRY--TOPICAL TERM
Topical term or geographic name entry element ECONOMICS
650 ## - SUBJECT ADDED ENTRY--TOPICAL TERM
Topical term or geographic name entry element ECONOMIC DEVELOPMENT--AFRICA, EASTERN
995 ## -
-- TEXTBOOKS (SBE)
-- 0.00
-- 5460
-- CBU-SCHOOL TEXTBOOK COLLECTIONS
-- 1
-- 0.00
-- SCHOOL TEXTBOOK
-- 3
-- AVAILABLE
-- Sep 9, 2009
-- 5460
-- School Collections
995 ## -
-- TEXTBOOKS (SBE)
-- 0.00
-- 5459
-- CBU-SCHOOL TEXTBOOK COLLECTIONS
-- 1
-- 0.00
-- SCHOOL TEXTBOOK
-- 2
-- AVAILABLE
-- Sep 9, 2009
-- 5459
-- School Collections
995 ## -
-- ANNEX COLLECTION (Main Library)
-- 0.00
-- 702827
-- CBU-MAIN LIBRARY (Kitwe)
-- 1
-- 0.00
-- HC 860 Sei
-- 1
-- AVAILABLE
-- 002977
-- Annex Low-Usage Collection
995 ## -
-- TEXTBOOKS (SBE)
-- 0.00
-- 5461
-- CBU-SCHOOL TEXTBOOK COLLECTIONS
-- 1
-- 0.00
-- SCHOOL TEXTBOOK
-- 4
-- AVAILABLE
-- Sep 9, 2009
-- 5461
-- School Collections
999 ## -
-- 79576
-- 79576
Holdings
Withdrawn status Lost status Source of classification or shelving scheme Damaged status Not for loan Permanent Location Current Location Shelving location Date acquired Total Checkouts Full call number Barcode Date last seen Copy number Price effective from Koha item type
          CBU-MAIN LIBRARY, KITWE. CBU-MAIN LIBRARY, KITWE.   06/29/2023   HC 860 Sei 002977 06/29/2023 3 06/29/2023 MONOGRAPH
          CBU-SCHOOL TEXT BOOK COLLECTION CBU-SCHOOL TEXT BOOK COLLECTION   06/29/2023   SCHOOL TEXTBOOK 5460 06/29/2023 1 06/29/2023 MONOGRAPH
          CBU-SCHOOL TEXT BOOK COLLECTION CBU-SCHOOL TEXT BOOK COLLECTION   06/29/2023   SCHOOL TEXTBOOK 5459 06/29/2023 2 06/29/2023 MONOGRAPH
          CBU-SCHOOL TEXT BOOK COLLECTION CBU-SCHOOL TEXT BOOK COLLECTION   06/29/2023   SCHOOL TEXTBOOK 5461 06/29/2023 4 06/29/2023 MONOGRAPH